LEADER 01295nam0-22004451i-450- 001 990006789770403321 005 20131022133030.0 010 $a88-204-6982-0 035 $a000678977 035 $aFED01000678977 035 $a(Aleph)000678977FED01 035 $a000678977 100 $a20010426d1991----km-y0itay50------ba 101 0 $aita 102 $aIT 105 $ay-------001yy 200 1 $a<>regioni e l'integrazione europea$eil caso Emilia-Romagna$fa cura di Robert Leonardi, Raffaella Y. Nanetti 210 $aMilano$cAngeli$d©1991 215 $a256 p.$d22 cm 225 1 $aCollana università$v21 610 0 $aEmilia Romagna - Integrazione europea 610 0 $aRegioni$aItalia$aEmilia Romagna 676 $a352.454$v21$zita 676 $a337.14 702 1$aLeonardi,$bRobert 702 1$aNanetti,$bRaffaella Y.$f<1943- > 801 0$aIT$bUNINA$gRICA$2UNIMARC 901 $aBK 912 $a990006789770403321 952 $aCOLLEZ. 772 (21)$b22533$fFSPBC 952 $aXXVIII 22$b3219$fDDCIC 952 $a352.454 LEO 1$b3239$fBFS 952 $aR01.41$b3095$fDECTS 952 $aISVE F01.9$fDECTS 959 $aDDCIC 959 $aFSPBC 959 $aBFS 959 $aDECTS 996 $aRegioni e l'integrazione europea$9636038 997 $aUNINA LEADER 02244nas 2200625- 450 001 9910247458903321 005 20241223110442.0 035 $a(DE-599)ZDB2685165-9 035 $a(OCoLC)640129797 035 $a(CKB)2660000000008805 035 $a(CONSER)--2022242365 035 $a(MiFhGG)5RMH 035 $a(EXLCZ)992660000000008805 100 $a20090327b20092017 --- a 101 0 $aeng 135 $aurm||---||||| 181 $ctxt$2rdacontent 182 $cc$2rdamedia 183 $acr$2rdacarrier 200 00$aClinical medicine reviews in cardiology 210 1$aAuckland :$cClinical Medicine Reviews,$d2009- 215 $a1 online resource 300 $aRefereed/Peer-reviewed 300 $aArchived by the National Library of New Zealand. 300 $aHypertext links contained in the archived instances of this title are non-functional.$5Nz 311 08$a1179-2523 531 1 $aClin. med. rev. cardiol. 606 $aCardiology$vPeriodicals 606 $aCardiovascular system$xDiseases$vPeriodicals 606 $aCardiovascular system$xDiseases$xTreatment$vPeriodicals 606 $aCardiologie$vPériodiques 606 $aAppareil cardiovasculaire$xMaladies$vPériodiques 606 $aAppareil cardiovasculaire$xMaladies$xTraitement$vPériodiques 606 $aCardiology$2fast$3(OCoLC)fst00847121 606 $aCardiovascular system$xDiseases$2fast$3(OCoLC)fst00847181 606 $aCardiovascular system$xDiseases$xTreatment$2fast$3(OCoLC)fst00847218 608 $aPeriodical 608 $aperiodicals.$2aat 608 $aPeriodicals.$2fast 608 $aPeriodicals.$2lcgft 608 $aPériodiques.$2rvmgf 615 0$aCardiology 615 0$aCardiovascular system$xDiseases 615 0$aCardiovascular system$xDiseases$xTreatment 615 6$aCardiologie 615 6$aAppareil cardiovasculaire$xMaladies 615 6$aAppareil cardiovasculaire$xMaladies$xTraitement 615 7$aCardiology. 615 7$aCardiovascular system$xDiseases. 615 7$aCardiovascular system$xDiseases$xTreatment. 676 $a616.1005 906 $aJOURNAL 912 $a9910247458903321 996 $aClinical Medicine Reviews in Cardiology$91958977 997 $aUNINA